00307nam a2200121Ia 45000030006000000080041000060400015000471000029000622450056000912600009001475460012001560050017001680STCL150530s9999 xx 000 0 und d aSTCLcSTCL aSudershan Savara, K.; Ed aIndia at a glance twenty years of freedom 1947-1967 c1967 aEnglish20220125165511.0